Normal view
MARC view
- GC Osaf Ayaz Khan GC Hafiz Waleed Salamat GC Syed Fakhar Abbas
Entry Personal Name
001 - CONTROL NUMBER
- control field: 71041
003 - CONTROL NUMBER IDENTIFIER
- control field: NUST
005 - DATE AND TIME OF LATEST TRANSACTION
- control field: 20210628204600.0
008 - FIXED-LENGTH DATA ELEMENTS
- fixed length control field: 210628|| aca||aabn | a|a d
040 ## - CATALOGING SOURCE
- Original cataloging agency: NUST
- Transcribing agency: NUST
100 ## - HEADING--PERSONAL NAME
- Personal name: GC Osaf Ayaz Khan GC Hafiz Waleed Salamat GC Syed Fakhar Abbas
670 ## - SOURCE DATA FOUND
- Source citation: Work cat.: (NUST): GC Osaf Ayaz Khan GC Hafiz Waleed Salamat GC Syed Fakhar Abbas , PR-SOF-1599- THREE PHASE FREQUENCY CONVERTER, 2016
